000 00559nam a2200193Ia 4500
003 GCL
008 140319s9999 xx 000 0 ara d
040 _aGCL /
_cGCL
082 0 4 _a364.53
_bا ج
100 1 _aاحمد محمود خليل
245 1 0 _aجرائم هتك العرض /
_cاحمد محمود خليل
260 _a[S.N] :
_bدار المطبوعات الجامعية ،
_c1990
300 _a183 ص
490 _a
650 0 4 _aالجرائم الجنسية
650 0 4 _aهتك الاعراض
650 0 4 _aالزنا
942 _2ddc
_cBK
999 _c44536
_d44536